Predica bene ratzola male /
Guardat en:
| Altres autors: | , , |
|---|---|
| Format: | |
| Idioma: | italià anglès |
| Publicat: |
Roma :
Carta,
c2006
|
| Etiquetes: |
Sense etiquetes, Sigues el primer a etiquetar aquest registre!
|
MARC
| LEADER | 00000ngm a22000007i 4500 | ||
|---|---|---|---|
| 001 | IT\ICCU\UBO\3390839 | ||
| 003 | ItRI | ||
| 005 | 20260124182857.0 | ||
| 008 | 080311s2006 it |||||||||||||||k|||||c | ||
| 040 | |b ita | ||
| 041 | 7 | |a ita |a eng |2 ISO-639-2 | |
| 245 | 0 | 0 | |a Predica bene ratzola male / |c scritto e diretto da Luna Coppola e Sara Ballerini ; una produzione di Franco Brun. |
| 260 | |a Roma : |b Carta, |c c2006 | ||
| 300 | |a 1 DVD (58 min.) : |b color., son | ||
| 500 | |a Codice area: assente | ||
| 500 | |a Tit. del contenitore | ||
| 500 | |a Film documentario del 2006, prod. Italia | ||
| 500 | |a Lingua: italiano; sottotitoli: inglese | ||
| 500 | |a Contenuti: trailer, note regia, scheda tecnica | ||
| 500 | |a Allegato a: Carta, 9 feb. 2008. | ||
| 700 | 1 | |a Brun, Franco |0 IT\ICCU\CFIV\050094 | |
| 700 | 1 | |a Coppola, Luna |0 IT\ICCU\UBOV\227687 | |
| 700 | 1 | |a Ballerini, Sara |0 IT\ICCU\UBOV\227688 | |
| 942 | |2 ddc |c VM |n 0 | ||
| 952 | |0 0 |1 0 |4 0 |6 VO_1575_000000000000000 |7 0 |9 27420 |a BO |b BO |d 2026-01-24 |i 11830 |l 0 |o VO 1575 |p BO11830 |r 2026-01-24 18:28:57 |w 2026-01-24 |x [Sebina 5] [1 DVD] |y VM |z 1 DVD | ||
| 999 | |c 23222 |d 23222 | ||